000 00556nam a2200181Ia 4500
008 191130s2004##################000#0#eng##
020 _a9781843763048
040 _aACL
_cACL
082 _a332.042 COH
245 _aInternational monetary relations in the new global economy
_cedited by Benjamin J. Cohen
260 _aCheltenham, UK ; Northampton, MA
_bEdward Elgar Pub
_c2004
300 _a474 p. ; 23 cm
650 _aEconomics
700 _aCohen, Benjamin J
990 _a23a2c17bac10000c0c0b57971ce17276
991 _a427674
999 _c268276
_d268276